[Event "Prague Mencik Memorial 6th"]
[Site "Prague"]
[Date "2023.09.24"]
[Round "9"]
[White "Konopka, Michal"]
[Black "Natsidis, Christoph"]
[Result "0-1"]
[WhiteElo "2381"]
[BlackElo "2328"]
[PlyCount "87"]
[EventDate "2023.09.24"]
[EventType "swiss"]
[EventRounds "9"]
[EventCountry "CZE"]
[SourceTitle "EXT 2024"]
[Source "ChessBase"]
[SourceDate "2023.10.10"]
[SourceVersion "1"]
[SourceVersionDate "2023.10.10"]
[SourceQuality "1"]

1. Nf3 c5 2. c4 Nf6 3. Nc3 Nc6 4. g3 d5 5. cxd5 Nxd5 6. Bg2 Nc7 7. Qa4 Bd7 8. Qe4 g6 9. Ne5 Bg7 10. Nxd7 Qxd7 11. 0-0 0-0 12. d3 Rac8 13. Be3 Ne6 14. Rac1 Ned4 15. Rfd1 b6 16. Qd5 Qxd5 17. Bxd5 Rfd8 18. Kf1 Nf5 19. Bf3 Nxe3+ 20. fxe3 Bh6 21. Kf2 e6 22. Nb5 a6 23. Nc3 Nb4 24. a3 Nd5 25. Bxd5 exd5 26. Rc2 d4 27. Ne4 Bxe3+ 28. Kg2 f5 29. Nf2 b5 30. a4 c4 31. axb5 axb5 32. dxc4 Rxc4 33. Rxc4 bxc4 34. Ra1 Rb8 35. Nd1 Bd2 36. Ra7 Rc8 37. Ra2 Kf7 38. Kf3 Ke6 39. Ra6+ Kd5 40. Ra7 c3 41. bxc3 dxc3 42. Nf2 c2 43. Nd3 Rc3 44. Rd7+ 0-1

[Event "Prague Mencik Memorial 6th"]
[Site "Prague"]
[Date "2023.09.24"]
[Round "3"]
[White "Richterova, Natasa"]
[Black "Natsidis, Christoph"]
[Result "0-1"]
[WhiteElo "2061"]
[BlackElo "2328"]
[PlyCount "54"]
[EventDate "2023.09.24"]
[EventType "swiss"]
[EventRounds "9"]
[EventCountry "CZE"]
[SourceTitle "EXT 2024"]
[Source "ChessBase"]
[SourceDate "2023.10.10"]
[SourceVersion "1"]
[SourceVersionDate "2023.10.10"]
[SourceQuality "1"]

1. e4 c5 2. Nf3 e6 3. c4 Nc6 4. Nc3 Nf6 5. d4 cxd4 6. Nxd4 Bb4 7. Nxc6 dxc6 8. Qxd8+ Kxd8 9. f3 e5 10. Be3 Bxc3+ 11. bxc3 Kc7 12. 0-0-0 Be6 13. Be2 Nd7 14. Kb2 f6 15. c5 b6 16. cxb6+ axb6 17. Ra1 Ra5 18. g4 Rha8 19. a3 Nc5 20. Rhg1 Nb3 21. Ra2 Nd4 22. cxd4 Bxa2 23. dxe5 fxe5 24. Bc1 Rxa3 25. Kc2 R3a5 26. Bb2 Rc5+ 27. Bc3 Ra3 0-1

[Event "Prague Mencik Memorial 6th"]
[Site "Prague"]
[Date "2023.09.24"]
[Round "5"]
[White "Slovak, Pavel"]
[Black "Natsidis, Christoph"]
[Result "0-1"]
[WhiteElo "2037"]
[BlackElo "2328"]
[PlyCount "54"]
[EventDate "2023.09.24"]
[EventType "swiss"]
[EventRounds "9"]
[EventCountry "CZE"]
[SourceTitle "EXT 2024"]
[Source "ChessBase"]
[SourceDate "2023.10.10"]
[SourceVersion "1"]
[SourceVersionDate "2023.10.10"]
[SourceQuality "1"]

1. e4 c5 2. Nf3 e6 3. d4 cxd4 4. Nxd4 a6 5. c4 Nf6 6. Nc3 Qc7 7. Bd3 Nc6 8. Nxc6 dxc6 9. 0-0 e5 10. Bg5 Be7 11. Kh1 0-0 12. Qe2 Be6 13. f4 h6 14. fxe5 hxg5 15. exf6 Bxf6 16. e5 Qxe5 17. Qh5 g6 18. Qf3 Bg7 19. Rae1 g4 20. Qd1 Qh5 21. Qe2 Rae8 22. Ne4 Bf5 23. Qf2 Bxe4 24. Bxe4 Be5 25. g3 f5 26. Bb1 Qh8 27. Qd2 Bxg3 0-1

[Event "Olomouc GM-A 24th"]
[Site "Olomouc"]
[Date "2023.08.18"]
[Round "8"]
[White "Natsidis, Christoph"]
[Black "Szwed, Jacek"]
[Result "0-1"]
[WhiteElo "2342"]
[BlackElo "2358"]
[PlyCount "84"]
[EventDate "2023.08.12"]
[EventType "tourn"]
[EventRounds "9"]
[EventCountry "CZE"]
[EventCategory "6"]
[SourceTitle "CBM 215 Extra"]
[Source "ChessBase"]
[SourceDate "2023.09.30"]
[SourceVersion "1"]
[SourceVersionDate "2023.09.30"]
[SourceQuality "1"]

1. Nf3 c5 2. c4 g6 3. Nc3 Bg7 4. e3 Nf6 5. d4 cxd4 6. exd4 d5 7. cxd5 Nxd5 8. Bc4 Nxc3 9. bxc3 Qc7 10. Bb3 Qxc3+ 11. Bd2 Qd3 12. Rc1 0-0 13. Rc3 Qa6 14. Bc4 b5 15. Be2 Qxa2 16. Bxb5 Ba6 17. Be2 Nd7 18. 0-0 Bxe2 19. Qxe2 Nb6 20. Rc5 a5 21. Qxe7 a4 22. Rcc1 Qd5 23. Qc7 Nd7 24. Bb4 Rfb8 25. Ba3 Bf8 26. Ra1 Rb3 27. Qc1 Bxa3 28. Rxa3 Nb6 29. Ra1 a3 30. Qh6 Nd7 31. Rfc1 Nf8 32. Ne5 Qxd4 33. Nc6 Qf6 34. Qd2 a2 35. Nd4 Rb6 36. Ne2 Rb2 37. Qd5 Re8 38. Nc3 Qxf2+ 39. Kh1 Rd8 40. Qe4 Rdd2 41. Rg1 Qf6 42. Nd1 Rb3 0-1

[Event "Olomouc GM-A 24th"]
[Site "Olomouc"]
[Date "2023.08.13"]
[Round "2"]
[White "Natsidis, Christoph"]
[Black "Plat, Vojtech"]
[Result "1/2-1/2"]
[WhiteElo "2342"]
[BlackElo "2486"]
[PlyCount "80"]
[EventDate "2023.08.12"]
[EventType "tourn"]
[EventRounds "9"]
[EventCountry "CZE"]
[EventCategory "6"]
[SourceTitle "CBM 215 Extra"]
[Source "ChessBase"]
[SourceDate "2023.09.30"]
[SourceVersion "1"]
[SourceVersionDate "2023.09.30"]
[SourceQuality "1"]

1. d4 Nf6 2. c4 d6 3. Nf3 c6 4. g3 Bf5 5. Bg2 Nbd7 6. 0-0 e5 7. Nc3 h6 8. d5 cxd5 9. cxd5 Be7 10. Ne1 0-0 11. e4 Bg6 12. Nd3 Nh7 13. g4 Bg5 14. h3 a6 15. Bxg5 Qxg5 16. Ne1 Rfc8 17. Nf3 Qe7 18. Qe2 h5 19. Rfc1 hxg4 20. hxg4 Ng5 21. Qe3 Nxf3+ 22. Bxf3 Nf6 23. Na4 Nh7 24. Nb6 Rxc1+ 25. Rxc1 Rd8 26. Kg2 Ng5 27. Rh1 Qf6 28. Kg3 Re8 29. Bg2 Nxe4+ 30. Bxe4 Qf4+ 31. Qxf4 exf4+ 32. Kxf4 Rxe4+ 33. Kg3 f5 34. gxf5 Bxf5 35. Rh4 Re2 36. Nc4 Be4 37. Nxd6 Bxd5 38. Rb4 b5 39. a4 Re6 40. Nf5 bxa4 1/2-1/2

[Event "BL2-Ost 2223"]
[Site "Germany"]
[Date "2023.03.19"]
[Round "10.3"]
[White "Natsidis, Christoph"]
[Black "Weishaeutel, Moritz"]
[Result "1/2-1/2"]
[WhiteElo "2308"]
[BlackElo "2401"]
[PlyCount "24"]
[EventDate "2022.10.22"]
[EventType "team-tourn"]
[EventRounds "10"]
[EventCountry "GER"]
[SourceTitle "EXT 2024"]
[Source "ChessBase"]
[SourceDate "2023.10.10"]
[SourceVersion "1"]
[SourceVersionDate "2023.10.10"]
[SourceQuality "1"]
[WhiteTeam "Leipzig SG"]
[BlackTeam "Erfurt"]
[WhiteTeamCountry "GER"]
[BlackTeamCountry "GER"]

1. Nf3 c5 2. c4 Nc6 3. Nc3 g6 4. e3 Nf6 5. d4 cxd4 6. exd4 d5 7. cxd5 Nxd5 8. Qb3 e6 9. Bg5 Be7 10. Bh6 Bf8 11. Bg5 Be7 12. Bh6 Bf8 1/2-1/2

[Event "BL2-Ost 2223"]
[Site "Germany"]
[Date "2023.02.26"]
[Round "8.2"]
[White "Natsidis, Christoph"]
[Black "Schwabeneder, Florian"]
[Result "1-0"]
[WhiteElo "2308"]
[BlackElo "2414"]
[PlyCount "91"]
[EventDate "2022.10.22"]
[EventType "team-tourn"]
[EventRounds "10"]
[EventCountry "GER"]
[SourceTitle "EXT 2024"]
[Source "ChessBase"]
[SourceDate "2023.10.10"]
[SourceVersion "1"]
[SourceVersionDate "2023.10.10"]
[SourceQuality "1"]
[WhiteTeam "Leipzig SG"]
[BlackTeam "Passau"]
[WhiteTeamCountry "GER"]
[BlackTeamCountry "GER"]

1. d4 d6 2. Nf3 g6 3. g3 Bg7 4. Bg2 Nf6 5. 0-0 0-0 6. b3 b5 7. Ne1 c6 8. Bb2 a5 9. Nd3 Qc7 10. Nd2 Nbd7 11. c4 bxc4 12. Nxc4 Nb6 13. Rc1 Bb7 14. Qd2 Nxc4 15. Rxc4 a4 16. bxa4 d5 17. Rb4 Ba6 18. Rc1 Bxd3 19. Qxd3 Rfb8 20. Rxb8+ Rxb8 21. Bc3 e6 22. Bd2 Ra8 23. a5 Ne8 24. Qc3 Ra6 25. Bf1 Nd6 26. e3 Ne4 27. Qc2 Nxd2 28. Bxa6 Qxa5 29. Be2 Bf8 30. a4 Ne4 31. Bd3 Ng5 32. Kg2 e5 33. Qxc6 exd4 34. exd4 Ne6 35. Bb5 Qd2 36. Qc2 Qg5 37. Qc3 Qd8 38. Bc6 Bg7 39. Qf3 Qg5 40. Rb1 Bxd4 41. Bxd5 Nf4+ 42. Qxf4 Qxd5+ 43. Qf3 Qa2 44. Rb7 Kg7 45. a5 Bf6 46. Qb3 1-0

[Event "CZE-chT2B 2223"]
[Site "Czech Republic"]
[Date "2023.01.22"]
[Round "7.1"]
[White "Movsesian, Julia"]
[Black "Natsidis, Christoph"]
[Result "1/2-1/2"]
[WhiteElo "2256"]
[BlackElo "2308"]
[PlyCount "31"]
[EventDate "2022.10.16"]
[EventType "team-tourn"]
[EventRounds "11"]
[EventCountry "CZE"]
[SourceTitle "EXT 2024"]
[Source "ChessBase"]
[SourceDate "2023.10.10"]
[SourceVersion "1"]
[SourceVersionDate "2023.10.10"]
[SourceQuality "1"]
[WhiteTeam "Aurora"]
[BlackTeam "Decin"]
[WhiteTeamCountry "CZE"]
[BlackTeamCountry "CZE"]

1. e4 c5 2. Nf3 e6 3. d4 cxd4 4. Nxd4 a6 5. Bd3 Nf6 6. 0-0 Qc7 7. Qe2 d6 8. f4 g6 9. Nc3 Bg7 10. e5 dxe5 11. Ndb5 axb5 12. Nxb5 Qe7 13. fxe5 0-0 14. exf6 Bxf6 15. c3 Bg7 16. a4 1/2-1/2

[Event "Marianske Lazne GM-A1 21st"]
[Site "Marianske Lazne"]
[Date "2023.01.20"]
[Round "8"]
[White "Natsidis, Christoph"]
[Black "Petr, Martin"]
[Result "1/2-1/2"]
[WhiteElo "2308"]
[BlackElo "2508"]
[PlyCount "65"]
[EventDate "2023.01.14"]
[EventType "tourn"]
[EventRounds "9"]
[EventCountry "CZE"]
[EventCategory "7"]
[SourceTitle "CBM 212 Extra"]
[Source "ChessBase"]
[SourceDate "2023.03.31"]
[SourceVersion "1"]
[SourceVersionDate "2023.03.31"]
[SourceQuality "1"]

1. d4 Nf6 2. c4 g6 3. Nf3 Bg7 4. g3 d5 5. cxd5 Nxd5 6. Bg2 Nb6 7. 0-0 Nc6 8. Nc3 Nxd4 9. Nxd4 Qxd4 10. Nb5 Qxd1 11. Rxd1 0-0 12. Nxc7 Rb8 13. Bf4 Bxb2 14. Rab1 Bg7 15. Nd5 Nxd5 16. Bxd5 e5 17. Be3 Bf5 18. Bxa7 Bxb1 19. Bxb8 Bxa2 20. Bxa2 Rxb8 21. Rd7 b5 22. Bxf7+ Kh8 23. Bb3 b4 24. e4 Bf8 25. Rc7 Bd6 26. Rc6 Rd8 27. Kf1 Kg7 28. Ke2 g5 29. Bd5 h5 30. h3 Kf6 31. Rb6 Ke7 32. Rb7+ Rd7 33. Rxd7+ 1/2-1/2

[Event "Marianske Lazne GM-A1 21st"]
[Site "Marianske Lazne"]
[Date "2023.01.18"]
[Round "6"]
[White "Natsidis, Christoph"]
[Black "Stefansson, Hannes"]
[Result "1/2-1/2"]
[WhiteElo "2308"]
[BlackElo "2526"]
[PlyCount "46"]
[EventDate "2023.01.14"]
[EventType "tourn"]
[EventRounds "9"]
[EventCountry "CZE"]
[EventCategory "7"]
[SourceTitle "CBM 212 Extra"]
[Source "ChessBase"]
[SourceDate "2023.03.31"]
[SourceVersion "1"]
[SourceVersionDate "2023.03.31"]
[SourceQuality "1"]

1. d4 Nf6 2. c4 e6 3. Nc3 Bb4 4. Qc2 0-0 5. a3 Bxc3+ 6. Qxc3 b6 7. Bg5 Bb7 8. f3 h6 9. Bh4 d5 10. e3 Nbd7 11. cxd5 Nxd5 12. Bxd8 Nxc3 13. Bh4 Nd5 14. Bf2 c5 15. e4 Ne7 16. Ne2 Rac8 17. Nc3 cxd4 18. Bxd4 Nc5 19. Rd1 Rfd8 20. Be3 Rxd1+ 21. Kxd1 Nc6 22. Bb5 Nd4 23. Bxd4 Rd8 1/2-1/2

[Event "Marianske Lazne GM-A1 21st"]
[Site "Marianske Lazne"]
[Date "2023.01.16"]
[Round "3"]
[White "Kusa, Jakub"]
[Black "Natsidis, Christoph"]
[Result "1/2-1/2"]
[WhiteElo "2359"]
[BlackElo "2308"]
[PlyCount "36"]
[EventDate "2023.01.14"]
[EventType "tourn"]
[EventRounds "9"]
[EventCountry "CZE"]
[EventCategory "7"]
[SourceTitle "CBM 212 Extra"]
[Source "ChessBase"]
[SourceDate "2023.03.31"]
[SourceVersion "1"]
[SourceVersionDate "2023.03.31"]
[SourceQuality "1"]

1. d4 Nf6 2. c4 g6 3. Nc3 d5 4. cxd5 Nxd5 5. e4 Nxc3 6. bxc3 Bg7 7. Nf3 c5 8. Rb1 0-0 9. Be2 cxd4 10. cxd4 Qa5+ 11. Qd2 Qxd2+ 12. Bxd2 b6 13. 0-0 Bb7 14. d5 Ba6 15. Rfe1 Bxe2 16. Rxe2 Na6 17. Bg5 Rfe8 18. Rc1 e6 1/2-1/2

[Event "Marianske Lazne GM-A1 21st"]
[Site "Marianske Lazne"]
[Date "2023.01.15"]
[Round "2"]
[White "Natsidis, Christoph"]
[Black "Rasik, Vitezslav"]
[Result "1/2-1/2"]
[WhiteElo "2308"]
[BlackElo "2427"]
[PlyCount "24"]
[EventDate "2023.01.14"]
[EventType "tourn"]
[EventRounds "9"]
[EventCountry "CZE"]
[EventCategory "7"]
[SourceTitle "CBM 212 Extra"]
[Source "ChessBase"]
[SourceDate "2023.03.31"]
[SourceVersion "1"]
[SourceVersionDate "2023.03.31"]
[SourceQuality "1"]

1. d4 Nf6 2. c4 g6 3. Nc3 Bg7 4. e4 d6 5. Nf3 0-0 6. Be2 Nbd7 7. 0-0 e5 8. Re1 Re8 9. Bf1 a6 10. b3 exd4 11. Nxd4 c6 12. Bg5 Qa5 1/2-1/2

[Event "CZE-chT2B 2223"]
[Site "Czech Republic"]
[Date "2023.01.08"]
[Round "6.1"]
[White "Natsidis, Christoph"]
[Black "Hinks Edwards, Thomas RJ"]
[Result "1/2-1/2"]
[WhiteElo "2308"]
[BlackElo "2308"]
[PlyCount "112"]
[EventDate "2022.10.16"]
[EventType "team-tourn"]
[EventRounds "11"]
[EventCountry "CZE"]
[SourceTitle "EXT 2024"]
[Source "ChessBase"]
[SourceDate "2023.10.10"]
[SourceVersion "1"]
[SourceVersionDate "2023.10.10"]
[SourceQuality "1"]
[WhiteTeam "Decin"]
[BlackTeam "Kobylisy"]
[WhiteTeamCountry "CZE"]
[BlackTeamCountry "CZE"]

1. Nf3 c5 2. c4 Nc6 3. d4 cxd4 4. Nxd4 Qb6 5. Nb3 e6 6. Nc3 Bb4 7. Bd2 Nf6 8. e3 0-0 9. Be2 d5 10. cxd5 Nxd5 11. Nxd5 exd5 12. Bxb4 Qxb4+ 13. Qd2 Qxd2+ 14. Kxd2 Rd8 15. Bb5 d4 16. e4 Ne5 17. f4 Ng4 18. Rhc1 Bd7 19. Bxd7 Rxd7 20. h3 Ne3 21. g3 g5 22. Rc5 gxf4 23. gxf4 Kf8 24. Kd3 Ng2 25. Rf1 Rad8 26. Rh5 Rd6 27. Rxh7 Ke7 28. Rh5 Rg8 29. Re5+ Kf8 30. Rd5 Rxd5 31. exd5 Ne3 32. Rf2 Nxd5 33. Kxd4 Ne7 34. Nc5 Rg3 35. Nxb7 Rxh3 36. Nd6 Rh5 37. f5 f6 38. Kc5 Rh1 39. Rd2 Rf1 40. Kb5 Nxf5 41. Ne4 Ne3 42. Ka6 f5 43. Rf2 Ra1 44. Nc3 Ke7 45. Kxa7 Ke6 46. b4 Rc1 47. Na4 Nd5 48. Nc5+ Kd6 49. Na6 Rb1 50. Rxf5 Nxb4 51. Rf6+ Kd7 52. Rf7+ Kd6 53. Rf6+ Kd7 54. Nc5+ Kc7 55. Na6+ Nxa6 56. Rxa6 Rb4 1/2-1/2

[Event "POL-chT 1st League"]
[Site "Sypniewo"]
[Date "2022.09.11"]
[Round "9.10"]
[White "Natsidis, Christoph"]
[Black "Miroslaw, Michal"]
[Result "1/2-1/2"]
[WhiteElo "2325"]
[BlackElo "2234"]
[PlyCount "51"]
[EventDate "2022.09.03"]
[EventType "team-swiss"]
[EventRounds "9"]
[EventCountry "POL"]
[SourceTitle "CBM 210 Extra"]
[Source "ChessBase"]
[SourceDate "2022.11.30"]
[SourceVersion "1"]
[SourceVersionDate "2022.11.30"]
[SourceQuality "1"]
[WhiteTeam "Konin Hetman"]
[BlackTeam "Lublin LKSz"]
[WhiteTeamCountry "POL"]
[BlackTeamCountry "POL"]

1. d4 d5 2. Nf3 Nf6 3. c4 e6 4. Nc3 Be7 5. Bg5 0-0 6. e3 Nbd7 7. Qc2 c6 8. cxd5 exd5 9. Bd3 Re8 10. 0-0 h6 11. Bh4 Ne4 12. Bxe7 Qxe7 13. b4 Nxc3 14. Qxc3 a6 15. a4 Qd6 16. b5 axb5 17. axb5 Rxa1 18. Rxa1 c5 19. dxc5 Nxc5 20. Nd4 b6 21. Be2 Bd7 22. Bf3 Rc8 23. Qa3 Ne4 24. Qa2 Qc5 25. Qb3 Nd2 26. Qb2 1/2-1/2

[Event "POL-chT 1st League"]
[Site "Sypniewo"]
[Date "2022.09.10"]
[Round "8.9"]
[White "Psyk, Radoslaw"]
[Black "Natsidis, Christoph"]
[Result "1/2-1/2"]
[WhiteElo "2404"]
[BlackElo "2325"]
[PlyCount "119"]
[EventDate "2022.09.03"]
[EventType "team-swiss"]
[EventRounds "9"]
[EventCountry "POL"]
[SourceTitle "CBM 210 Extra"]
[Source "ChessBase"]
[SourceDate "2022.11.30"]
[SourceVersion "1"]
[SourceVersionDate "2022.11.30"]
[SourceQuality "1"]
[WhiteTeam "Strzelce Opolskie Strzelec"]
[BlackTeam "Konin Hetman"]
[WhiteTeamCountry "POL"]
[BlackTeamCountry "POL"]

1. e4 c5 2. Nf3 e6 3. d4 cxd4 4. Nxd4 a6 5. Bd3 Nf6 6. 0-0 Qc7 7. c4 Nc6 8. Nf3 Bc5 9. Nc3 0-0 10. Na4 d6 11. Bf4 e5 12. Bg5 Ne8 13. Nc3 Bg4 14. h3 Bxf3 15. Qxf3 Qd7 16. Nd5 f6 17. Be3 Nd4 18. Bxd4 Bxd4 19. c5 Rd8 20. cxd6 Nxd6 21. Rac1 Rc8 22. Be2 Kh8 23. b3 Rxc1 24. Rxc1 Rc8 25. Rxc8+ Qxc8 26. Nxf6 Qc1+ 27. Bf1 Qf4 28. Nd5 Qxf3 29. gxf3 g5 30. Kg2 Kg7 31. Kg3 Kg6 32. Ne3 b5 33. Nd5 a5 34. a3 a4 35. bxa4 bxa4 36. Ne3 Bb2 37. Nc2 Bc1 38. Be2 Bf4+ 39. Kg2 Bc1 40. Kf1 Nb7 41. Bb5 Nc5 42. Be8+ Kf6 43. Ke2 Ke7 44. Bb5 Kf6 45. Kf1 h5 46. Ke2 h4 47. Kd1 Bb2 48. Kd2 Nb3+ 49. Kd3 Nd4 50. Nxd4 exd4 51. Kc4 Bxa3 52. Kd5 Bc1 53. e5+ Ke7 54. Bxa4 d3 55. Bb5 Bf4 56. Bxd3 Bc1 57. Ke4 Bf4 58. Kf5 Bc1 59. e6 Bf4 60. Bf1 1/2-1/2

[Event "POL-chT 1st League"]
[Site "Sypniewo"]
[Date "2022.09.08"]
[Round "6.11"]
[White "Stachanczyk, Jacek"]
[Black "Natsidis, Christoph"]
[Result "1/2-1/2"]
[WhiteElo "2201"]
[BlackElo "2325"]
[PlyCount "28"]
[EventDate "2022.09.03"]
[EventType "team-swiss"]
[EventRounds "9"]
[EventCountry "POL"]
[SourceTitle "CBM 210 Extra"]
[Source "ChessBase"]
[SourceDate "2022.11.30"]
[SourceVersion "1"]
[SourceVersionDate "2022.11.30"]
[SourceQuality "1"]
[WhiteTeam "Jaworzno"]
[BlackTeam "Konin Hetman"]
[WhiteTeamCountry "POL"]
[BlackTeamCountry "POL"]

1. c4 c5 2. Nc3 Nf6 3. g3 d5 4. cxd5 Nxd5 5. Bg2 Nc7 6. Nf3 Nc6 7. 0-0 e5 8. a3 Rb8 9. Rb1 f6 10. d3 Be7 11. Be3 Be6 12. Ne4 Na6 13. Qa4 0-0 14. Rfc1 Nd4 1/2-1/2

[Event "POL-chT 1st League"]
[Site "Sypniewo"]
[Date "2022.09.03"]
[Round "1.8"]
[White "Zylka, Stanislaw"]
[Black "Natsidis, Christoph"]
[Result "1-0"]
[WhiteElo "2384"]
[BlackElo "2325"]
[PlyCount "81"]
[EventDate "2022.09.03"]
[EventType "team-swiss"]
[EventRounds "9"]
[EventCountry "POL"]
[SourceTitle "CBM 210 Extra"]
[Source "ChessBase"]
[SourceDate "2022.11.30"]
[SourceVersion "1"]
[SourceVersionDate "2022.11.30"]
[SourceQuality "1"]
[WhiteTeam "Jastrzebie Zdroj Pionier"]
[BlackTeam "Konin Hetman"]
[WhiteTeamCountry "POL"]
[BlackTeamCountry "POL"]

1. d4 Nf6 2. c4 e6 3. Nc3 Bb4 4. Bf4 0-0 5. e3 b6 6. Nge2 Ne4 7. Qc2 Bb7 8. f3 Nxc3 9. Nxc3 d6 10. Bd3 Bxc3+ 11. Qxc3 Nd7 12. 0-0-0 Qe7 13. Bc2 Rfe8 14. Kb1 Rad8 15. h4 e5 16. Bg3 e4 17. f4 h5 18. f5 Nf6 19. d5 Bc8 20. Rdf1 Ng4 21. Bd1 Qf6 22. Qa3 Ne5 23. Qc3 Ng4 24. Qb3 Ne5 25. Bxh5 b5 26. cxb5 Nd3 27. Be2 Bd7 28. Bxd3 exd3 29. Qxd3 Rb8 30. a4 a6 31. Be1 axb5 32. g4 bxa4 33. Bc3 Bb5 34. Qd2 Qe7 35. Re1 Qe4+ 36. Ka1 a3 37. b4 Bd3 38. h5 Re5 39. h6 Rb5 40. hxg7 Kxg7 41. Qh2 1-0

[Event "Oberliga Ost-A 2122"]
[Site "Germany"]
[Date "2022.07.10"]
[Round "7.1"]
[White "Natsidis, Christoph"]
[Black "Geiling, Christian"]
[Result "1/2-1/2"]
[WhiteElo "2347"]
[BlackElo "2180"]
[PlyCount "29"]
[EventDate "2021.10.10"]
[EventType "team-tourn"]
[EventRounds "11"]
[EventCountry "GER"]
[SourceTitle "EXT 2023"]
[Source "ChessBase"]
[SourceDate "2022.10.05"]
[SourceVersion "1"]
[SourceVersionDate "2022.10.05"]
[SourceQuality "1"]
[WhiteTeam "Leipzig SG"]
[BlackTeam "Leipzig VfB"]
[WhiteTeamCountry "GER"]
[BlackTeamCountry "GER"]

1. d4 Nf6 2. c4 c5 3. d5 b5 4. cxb5 a6 5. bxa6 Bxa6 6. Nc3 d6 7. Nf3 g6 8. e4 Bxf1 9. Kxf1 Bg7 10. g3 0-0 11. Kg2 Nbd7 12. a4 Qb6 13. Qe2 Rfb8 14. Bd2 Qb3 15. Rhb1 1/2-1/2

[Event "GER CupT"]
[Site "Kirchweyhe"]
[Date "2021.07.04"]
[Round "2.2"]
[White "Natsidis, Christoph"]
[Black "Stevic, Hrvoje"]
[Result "1/2-1/2"]
[WhiteElo "2352"]
[BlackElo "2579"]
[PlyCount "47"]
[EventDate "2021.07.03"]
[EventType "team-k.o."]
[EventRounds "2"]
[EventCountry "GER"]
[SourceTitle "CBM 203 Extra"]
[Source "ChessBase"]
[SourceDate "2021.09.30"]
[SourceVersion "1"]
[SourceVersionDate "2021.09.30"]
[SourceQuality "1"]
[WhiteTeam "Leipzig SG"]
[BlackTeam "Kirchweyhe"]
[WhiteTeamCountry "GER"]
[BlackTeamCountry "GER"]

1. d4 d5 2. c4 dxc4 3. Nf3 Nf6 4. e3 e6 5. Bxc4 c5 6. 0-0 a6 7. dxc5 Bxc5 8. Qxd8+ Kxd8 9. Ne5 Ke7 10. Be2 Nbd7 11. Nc4 b6 12. Nbd2 a5 13. Nb3 Ba6 14. Nxc5 bxc5 15. f3 Rhb8 16. Rf2 a4 17. Bf1 Bxc4 18. Bxc4 Rb4 19. Rc2 Rab8 20. Rb1 Ne8 21. Be2 Nd6 22. Bd2 R4b7 23. Bc3 f6 24. Rd1 1/2-1/2

[Event "CZE-chT2B 1920"]
[Site "Czech Republic"]
[Date "2020.02.23"]
[Round "9.1"]
[White "Stockova, Zuzana"]
[Black "Natsidis, Christoph"]
[Result "1-0"]
[WhiteElo "2301"]
[BlackElo "2316"]
[PlyCount "167"]
[EventDate "2019.10.13"]
[EventType "team-tourn"]
[EventRounds "11"]
[EventCountry "CZE"]
[SourceTitle "EXT 2024"]
[Source "ChessBase"]
[SourceDate "2023.10.10"]
[SourceVersion "1"]
[SourceVersionDate "2023.10.10"]
[SourceQuality "1"]
[WhiteTeam "Karlovy Vary Tietz"]
[BlackTeam "Decin"]
[WhiteTeamCountry "CZE"]
[BlackTeamCountry "CZE"]

1. e4 c5 2. Nf3 e6 3. d4 cxd4 4. Nxd4 a6 5. Bd3 Nf6 6. Nc3 d6 7. 0-0 Nbd7 8. Qe2 g6 9. Bd2 Bg7 10. Rae1 Nc5 11. Nb3 Nxb3 12. axb3 0-0 13. Bg5 h6 14. Bh4 Qb6 15. Kh1 Bd7 16. f4 Rfe8 17. e5 Nd5 18. Ne4 dxe5 19. fxe5 Qd4 20. Bg3 Qxb2 21. Nd6 Rf8 22. Qe4 Bc6 23. Rxf7 Ne7 24. Rxf8+ Rxf8 25. Qg4 Bd5 26. Bxg6 Nxg6 27. Qxg6 Qc3 28. h4 Qd2 29. Ne4 Bxe4 30. Qxe4 Qc3 31. Qg6 Kh8 32. Rd1 Rg8 33. Rd7 Qe3 34. Kh2 b5 35. Qxe6 a5 36. Qg6 a4 37. bxa4 bxa4 38. Rd6 a3 39. Ra6 Bxe5 40. Qxh6+ Qxh6 41. Rxh6+ Kg7 42. Ra6 Bb2 43. Bd6 Rc8 44. Bxa3 Be5+ 45. Kh3 Rxc2 46. Bb4 Rb2 47. Bc5 Rc2 48. Be7 Kf7 49. Bg5 Rc3+ 50. Kg4 Rg3+ 51. Kf5 Bb2 52. Ra7+ Kg8 53. Kg6 Ba3 54. Rg7+ Kh8 55. Rd7 Kg8 56. Rd2 Be7 57. Re2 Bf8 58. h5 Ra3 59. g4 Ra4 60. Kf5 Bg7 61. h6 Ra5+ 62. Kg6 Ra6+ 63. Kh5 Bd4 64. Re8+ Kh7 65. Re7+ Kg8 66. Rd7 Bc3 67. Be3 Re6 68. Bd4 Bxd4 69. Rxd4 Ra6 70. g5 Ra5 71. Rd8+ Kh7 72. Rd7+ Kh8 73. Re7 Rb5 74. Kg6 Rb6+ 75. Kf5 Rb1 76. Kf6 Rf1+ 77. Kg6 Rf8 78. Rf7 Ra8 79. Rf5 Kg8 80. Rb5 Ra6+ 81. Kh5 Ra1 82. Rb8+ Kf7 83. g6+ Kf6 84. Rf8+ 1-0

[Event "CZE-chT2B 1920"]
[Site "Czech Republic"]
[Date "2019.12.15"]
[Round "5.1"]
[White "Natsidis, Christoph"]
[Black "Burdalev, Kirill"]
[Result "1/2-1/2"]
[WhiteElo "2316"]
[BlackElo "2403"]
[PlyCount "47"]
[EventDate "2019.10.13"]
[EventType "team-tourn"]
[EventRounds "11"]
[EventCountry "CZE"]
[SourceTitle "EXT 2024"]
[Source "ChessBase"]
[SourceDate "2023.10.10"]
[SourceVersion "1"]
[SourceVersionDate "2023.10.10"]
[SourceQuality "1"]
[WhiteTeam "Decin"]
[BlackTeam "Podborany"]
[WhiteTeamCountry "CZE"]
[BlackTeamCountry "CZE"]

1. d4 Nf6 2. c4 e6 3. Nc3 Bb4 4. e3 0-0 5. Nge2 d5 6. a3 Bd6 7. Ng3 c6 8. Be2 Nbd7 9. 0-0 Re8 10. b3 e5 11. cxd5 cxd5 12. Nb5 Bb8 13. dxe5 Nxe5 14. Bb2 a6 15. Nd4 Neg4 16. Bxg4 Nxg4 17. Nf3 Qd6 18. Rc1 Bd7 19. Re1 f6 20. Qd3 Bb5 21. Qf5 Bd7 22. Qd3 Bb5 23. Qf5 Bd7 24. Qd3 1/2-1/2

[Event "Oberliga Ost-A 1920"]
[Site "Germany"]
[Date "2019.12.08"]
[Round "5.1"]
[White "Natsidis, Christoph"]
[Black "Zwahr, Paul"]
[Result "1/2-1/2"]
[WhiteElo "2352"]
[BlackElo "2278"]
[PlyCount "21"]
[EventDate "2019.09.29"]
[EventType "team-tourn"]
[EventRounds "11"]
[EventCountry "GER"]
[SourceTitle "EXT 2021"]
[Source "ChessBase"]
[SourceDate "2020.10.23"]
[SourceVersion "1"]
[SourceVersionDate "2020.10.23"]
[SourceQuality "1"]
[WhiteTeam "Leipzig SG"]
[BlackTeam "Dresden Gruen Weiss"]
[WhiteTeamCountry "GER"]
[BlackTeamCountry "GER"]

1. d4 Nf6 2. c4 g6 3. Nc3 Bg7 4. e4 d6 5. Nge2 0-0 6. f3 c5 7. d5 e6 8. Ng3 exd5 9. cxd5 h5 10. Bg5 Qb6 11. Qd2 1/2-1/2